2009 Movie Slot Machine III Quiz Stats

 Plays Quiz not verified by Sporcle

Score 0/48 Timer 06:00
0 Plays Today
Hint Answer % Correct
(500)
(500) Days of Summer
98%
Paul
Paul Blart: Mall Cop
98%
Blart:
Paul Blart: Mall Cop
98%
Days
(500) Days of Summer
98%
Mall
Paul Blart: Mall Cop
98%
of
(500) Days of Summer
98%
Cop
Paul Blart: Mall Cop
98%
Summer
(500) Days of Summer
98%
I
I Love You, Man
96.4%
Love
I Love You, Man
96.4%
You,
I Love You, Man
96.4%
Man
I Love You, Man
96.4%
Confessions
Confessions of a Shopaholic
96%
Drag
Drag Me to Hell
96%
The
The Time Traveler's Wife
96%
Me
Drag Me to Hell
96%
of
Confessions of a Shopaholic
96%
Time
The Time Traveler's Wife
96%
a
Confessions of a Shopaholic
96%
to
Drag Me to Hell
96%
Traveler's
The Time Traveler's Wife
96%
Hell
Drag Me to Hell
96%
Shopaholic
Confessions of a Shopaholic
96%
Wife
The Time Traveler's Wife
96%
Hint Answer % Correct
Up
Up In the Air
95.2%
In
Up In the Air
95.2%
the
Up In the Air
95.2%
Air
Up In the Air
95.2%
The
The Invention of Lying
94.8%
Invention
The Invention of Lying
94.8%
of
The Invention of Lying
94.8%
Lying
The Invention of Lying
94.8%
Land
Land of the Lost
94.4%
of
Land of the Lost
94.4%
the
Land of the Lost
94.4%
Lost
Land of the Lost
94.4%
Ghosts
Ghosts of Girlfriends Past
93.2%
Race
Race to Witch Mountain
93.2%
of
Ghosts of Girlfriends Past
93.2%
to
Race to Witch Mountain
93.2%
Girlfriends
Ghosts of Girlfriends Past
93.2%
Witch
Race to Witch Mountain
93.2%
Mountain
Race to Witch Mountain
93.2%
Past
Ghosts of Girlfriends Past
93.2%
The
The Haunting in Connecticut
92.4%
Haunting
The Haunting in Connecticut
92.4%
in
The Haunting in Connecticut
92.4%
Connecticut
The Haunting in Connecticut
92.4%

You're not logged in!

Compare scores with friends on all Sporcle quizzes.
OR
Log In

Sporcle TV

Today on Sporcle TV


Watch our educational content, quiz creation guides, and fun videos on Sporcle TV.

Show Comments

Extras

Top Quizzes Today


Score Distribution

Your Account Isn't Verified!

In order to create a playlist on Sporcle, you need to verify the email address you used during registration. Go to your Sporcle Settings to finish the process.

Report this User

Report this user for behavior that violates our Community Guidelines.

Details: